| 000 | 00517nam a22001697a 4500 | ||
|---|---|---|---|
| 008 | 160712b xxu||||| |||| 00| 0 eng d | ||
| 020 | _a13: 978-0-07-299053-9 | ||
| 020 | _a10: 0-07-299053-8 | ||
| 082 | _aDC 301 W78b 2008 | ||
| 100 |
_911188 _aWitt, Jon. |
||
| 245 |
_aThe big picture: _ba sociology primer/ _cJon Witt. |
||
| 260 |
_aBoston: _bMcGraw-Hill, _cc2008. |
||
| 300 |
_axix, 310 pages; _c23 cm. |
||
| 500 | _aIncludes bibliographical references and index. | ||
| 650 | 0 |
_911189 _aSociology. |
|
| 942 |
_2ddc _cDC |
||
| 999 |
_c3356 _d3356 |
||